000 00489nam a2200169Ia 4500
999 _c12336
_d12336
003 OSt
005 20201015104923.0
008 190216s9999||||xx |||||||||||||| ||und||
040 _coclc
082 _a891.7344
_bSOL/C
100 _aSolzhenitsyn, Alexander
_94878
245 0 _aCancer Ward /
_cAlexander Solzhenitsyn
260 _bPenguin Books,
_c1971.
_aLondon:
300 _a569p
650 _aEnglish Novel
942 _cBK
_2ddc
_h891.7344
_iSOL/C
_k891.7344
_mSOL/C